000 00489nam a2200181Ia 4500
008 100920s9999 xx 000 0 und d
082 _b23619
_a6 0
100 _aBlyton Enid.
245 _aThe Mystery of The Missing Man.
260 _bA Dragon Book.
_c0
300 _a139
_bसाधी
365 _b0
520 _aई.एल. एफ.
630 _aThe Mystery of The Missing Man.
650 _aई.एल. एफ.
730 _aThe Mystery of The Missing Man.
942 _cBOOK
999 _c682376
_d682373